| 000 | 00468cam a2200145 4500500 | ||
|---|---|---|---|
| 005 | 20251012013202.0 | ||
| 041 | _afre | ||
| 042 | _adc | ||
| 100 | 1 | 0 |
_aMarion-Audibert _eauthor |
| 245 | 0 | 0 | _aBack matter |
| 260 | _c2025. | ||
| 500 | _a14 | ||
| 786 | 0 | _nHépato-Gastro & Oncologie Digestive | 32 | 2 | 2025-03-05 | p. 243-244 | 2115-3310 | |
| 856 | 4 | 1 | _uhttps://shs.cairn.info/revue-hepato-gastro-oncologie-digestive-2025-2-page-243?lang=en&redirect-ssocas=7080 |
| 999 |
_c1528647 _d1528647 |
||